000 00796nam a2200253Ia 4500
003 OSt
005 20221005081302.0
006 a|||||r|||| 00| 0
007 ta
008 221004b |||||||| |||| 00| 0 eng d
020 _a978143330097 (pbk)
_c150
024 _a99181
037 _b04928, 18/09/2009, Atlantic Publisher & Dist. Pvt Ltd.
_cTextual
040 _aCRL
_cCRL
_beng
041 _2eng
_aeng
082 _aV2:51xM96w, P6
100 _aGandhi M.K.
245 0 _aAutobiography or the story of my experiments with truth
260 _aNew Delhi
_bPuffin India
_c2006
300 _axii, 257p.
_ccm.
650 _aHISTORY
942 _hV2:51xM96w, P6
_cTEXL
_2cc
999 _c987478
_d987478